000 00737nam a2200121Ia 4500
008 220620s9999||||xx |||||||||||||| ||und||
100 _aWójcik-Dudek, Małgorzata
245 0 _aReading (in) the Holocaust
_bPractices of Postmemory in Recent Polish Literature for Children and Young Adults.
546 _aEnglish[eng]
650 _aAdults||Children||Contemporary literature||Dudek||Holocaust||Literature||memory||Polish||Polish literature for children and adolescents||Post||Postmemory||Post-memory||Pract||Practices||Reading||Wojcik||World War II||Young
856 _uhttps://library.oapen.org/bitstream/20.500.12657/51509/1/9783631822920.pdf||https://library.oapen.org/bitstream/20.500.12657/51509/1/9783631822920.pdf
942 _cEB
999 _c26316
_d26316